00329nam a2200145Ia 4500008004100000041000800041100001100049245004200060260003500102300000800137365001200145500000800157520001200165650000600177230605s2002 xx 000 0 und d aeng aTurner aRole Play A Sourse book of Activities bViva books Mumbai c2002c2002 a386 b156h20 a239 aGeneral aB